000 00295nam a22001217a 4500
008 170605b xxu||||| |||| 00| 0 eng d
041 _aeng
080 _a94(7/8)
100 _a18
101 _aSHH
245 _aOUT CONTINENT/ A NATURAL HISTORY OF NORTH AMERICA
_cCOLBERT, E.H
942 _2udc
_cBK
999 _c15962
_d15962